000 00430nab a2200145Ia 4500
003 ES-SlBCS
005 20210601131739.0
008 140529s1953 xxu||||| |||| 00| 0 fre d
041 _afre
100 1 _aMartel, Pierre-Albin
_9188289
245 0 0 _aLa fin d'un régime provisoire
_c Pierre-Albin Martel
650 0 4 _aColonización
_9107485
773 0 _tVie Intelectuelle (La)
_gnº. 8-9, 1953, págs. 124-133
_wRev907
942 _cAR
999 _c568102
_d568102